Well-known Character, Obscure Name Quiz Stats

 Plays Quiz Updated Oct 14, 2018

Score 0/25 Timer 07:00
1 Play Today
Common Name Fill in the Blank % Correct
Romeo _____Montague
64.7%
_____ ScroogeEbenezer
62.2%
_____ KramerCosmo
52.3%
Dorothy _____Gale
46.4%
Dr. _____ WatsonJohn
38.5%
Captain _____ HookJames
37.3%
Ins. _____ ClouseauJacques
32.7%
Princess Leia _____Organa
29.2%
_____ SmithersWaylon
25.9%
Dr. _____ FrankensteinVictor
24.2%
Winston _____Smith
20.3%
_____ Ben-HurJudah
16.3%
_____ KaneCharles Foster
15.3%
Common Name Fill in the Blank % Correct
Anne _____Shirley
14.3%
Dr. _____ JekyllHenry
13.9%
Ens. _____ ChekovPavel
12.2%
Ginger _____Grant
8.4%
Daphne _____Blake
7.5%
_____ MacGyverAngus
6.7%
Dr. _____ ZhivagoYuri
6.3%
Dr. _____ NoJulius
5.1%
Sandy _____Olsson
4.9%
Kaylee _____Frye
3.4%
Al _____Calavicci
1.8%
Gerald _____McCloy
0.6%

You're not logged in!

Compare scores with friends on all Sporcle quizzes.
OR
Log In

Sporcle TV

Today on Sporcle TV


Watch our educational content, quiz creation guides, and fun videos on Sporcle TV.

Show Comments

Extras

Top Quizzes Today


Score Distribution

Your Account Isn't Verified!

In order to create a playlist on Sporcle, you need to verify the email address you used during registration. Go to your Sporcle Settings to finish the process.

Report this User

Report this user for behavior that violates our Community Guidelines.

Details: